000 00214 a2200109 4500
001 51089
040 _cAnchieta - Pituba
240 1 0 _aCaetano Veloso
_l
245 1 0 _aCaetano Veloso
650 4 _aMúsica
942 _cMX
999 _c51089
_d51089